000 00610nam a22001817a 4500
003 UA-OsUOA
001 18274
007 ta
008 20040426b un ||||| |||| 00| 0 ukr d
100 _aГайдук А.
942 _cSA
040 _aUA-OsUOA
_cUA-OsUOA
_dUA-OsUOA
245 _aЗдоровим бути - круто
_b[Про виставку дит. малюнків у Березнів. район. краєзн. музеї]
300 _aС.4
955 _a0
773 0 _w0
_tВісті Рівненщини
_dРівне
_d2004
_g№34/35/ 9 квіт./
650 7 _aКраєзнавча робота
_2UDC
999 _c304445
_d304445